Osef temunot (albom) mi-yelide ha-arets : rabanim, ḥakhamim...
Saved in:
| Main Author: | |
|---|---|
| Format: | Book |
| Language: | Hebrew |
| Published: |
Jerusalem :
[s.n.]
[192-?]
|
| Subjects: | |
| Tags: |
Add Tag
No Tags, Be the first to tag this record!
|
| LEADER | 00498nam a22001697u 4500 | ||
|---|---|---|---|
| 001 | 000027872-6 | ||
| 005 | 20020606090541.3 | ||
| 008 | 030784|1920 is |||| ||||||0||||heb|| | ||
| 035 | 0 | |a ocm53190977 | |
| 100 | 1 | |a Grayevsḳi, Pinḥas ben Tsevi, |d 1873-1941. | |
| 245 | 1 | 0 | |a Osef temunot (albom) mi-yelide ha-arets : |b rabanim, ḥakhamim... |
| 260 | 0 | |a Jerusalem : |b [s.n.] |c [192-?] | |
| 300 | |a 1 v. : |b chiefly ports. | ||
| 650 | 0 | |a Jews |z Palestine. | |
| 752 | |a Israel |d Jerusalem | ||
| 988 | |a 20020608 | ||
| 906 | |0 MH | ||


